000 01146nam a22003377a 4500
003 CHAP
005 20250207172237.0
008 971013s1991 r 00010 d
010 _a7404
011 _a8376
035 _a7602
040 _cCHAP
082 _a080
_bR4 v.17
100 0 0 _aPlasencia de la Parra, Enrique.
_989105
245 _aIndependencia y nacionalismo a la luz del discurso conmemorativo (1825-1867)
260 _aMéxico, D.F. :
_bConsejo Nacional para la Cultura y las Artes,
_c1991
300 _a172 p. . ilus.
490 _aRegiones
500 _a63-121
590 _aBATCH-UPD
_b10
_c20130110
_lUCH01
_h0216
590 _aBATCH-UPD
_b10
_c20130110
_lUCH01
_h0902
590 _aBATCH-UPD
_b10
_c20130409
_lUCH01
_h2235
590 _aBATCH-UPD
_b10
_c20130914
_lUCH01
_h1824
590 _aCONVERSION
_b10
_c20130109
_lUCH01
_h1305
650 1 4 _aMéxico
_xHistoria
_xDiscursos, ensayos, conferencias.
_976758
650 1 4 _aMéxico
_xHistoria
_xIndependencia.
_976761
830 0 _aRegiones (CONACULTA)
_995667
901 _aBK
942 _cLIBRO
949 _a080 R4 v.17
_bBC
_cLIBRO
_d33724000306577
_eLIBRO
_h82830
_i7602
_si
_t20.00
999 _c7404
_d7404